000
00189 a2200097 4500
001
18448
100
_a
McGraw-Hill
245
_a
260
_a
_b
Pan books ltd
_c
1973
090
_c
13687
_d
13687
942
_a
NUST-CAE
_c
_c
4099
999
_c
253521
_d
253521